|
|
|
|
| LEADER |
00000nab a2200000 a 4500 |
| 001 |
vtls008772848 |
| 003 |
SK-MaSNL |
| 005 |
20260304150615.0 |
| 008 |
250505c2006 xo |||| | | 000 b|slo |
| 015 |
|
|
|a SNBRB2006/06
|2 snkbucl
|
| 035 |
|
|
|a (uuid)44e37e39-43e2-4bc8-b8c1-ae5b5f3dee28
|
| 035 |
|
|
|a urn:nbn:sk:snk-ab1mym
|
| 035 |
|
|
|a (urnnbn)urn:nbn:sk:snk:ar-004ky7
|
| 038 |
|
|
|a SNKBUCL
|
| 040 |
|
|
|a SNKBUCL
|b slo
|c SNKBUCL
|e AACR2
|
| 041 |
0 |
|
|a slo
|
| 044 |
|
|
|a xo
|c SK
|
| 080 |
|
|
|a 811.162.4`35:81`367.622.12:231
|2 1997
|
| 080 |
|
|
|a 81`367.622.12:811.162.4
|2 1997
|
| 080 |
|
|
|a 811.162.4`367.622.12
|2 1997
|
| 080 |
|
|
|a 231
|2 1997
|
| 100 |
1 |
|
|a Maculák, Jozef
|4 aut
|9 26281
|
| 245 |
1 |
0 |
|a O písaní veľkých a malých písmen v slovách Pán Boh a Svätá Trojica a v ich synonymných označeniach
|c Jozef Maculák
|
| 650 |
0 |
7 |
|a slovenčina
|2 snkbucl
|9 1350
|
| 650 |
0 |
7 |
|a vlastné mená
|2 snkbucl
|9 3647
|
| 650 |
0 |
7 |
|a veľké písmená
|2 snkbucl
|9 79334
|
| 650 |
0 |
7 |
|a malé písmená
|2 snkbucl
|9 1471439
|
| 650 |
0 |
7 |
|a písanie veľkých písmen
|2 snkbucl
|9 1219806
|
| 650 |
0 |
7 |
|a písanie malých písmen
|2 snkbucl
|9 1471440
|
| 650 |
0 |
7 |
|a mená bohov
|2 snkbucl
|9 1471441
|
| 650 |
0 |
7 |
|a mená biblických bytostí
|2 snkbucl
|9 1471442
|
| 650 |
0 |
7 |
|a vlastné podstatné mená
|2 snkbucl
|9 23566
|
| 773 |
0 |
|
|t Kultúra slova
|g Roč. 40, č. 2 (2006), s. 101-102
|x 0023-5202
|
| 850 |
|
|
|a Slovenská národná knižnica
|
| 852 |
|
|
|a Slovenská národná knižnica
|
| 954 |
|
|
|a odborná, vedecká literatúra pôvodná (slovenská)
|2 lita
|
| 958 |
|
|
|a article27
|
| 958 |
|
|
|a OND
|
| 958 |
|
|
|a NT
|
| 958 |
|
|
|a EUIPO
|
| 999 |
|
|
|c 2938839
|d 2940769
|